000
00296nam a2200121Ia 4500
008
191201s2005 xx 000 0 und d
100
_a
WELCH, Jack
245
0
_a
Winning
260
_a
N.Delhi
_b
Harper Collins Publishers London
_c
2005
300
_a
372
650
_a
General Books
942
_2
ddc
_c
BK
999
_c
2160
_d
2160